Music Quiz

Random Music or Singers Quiz

Fill in the Rhyme: Taylor Swift Quiz Stats

 Plays Quiz Updated Apr 26, 2019

Score 0/20 Timer 05:00
20 Plays Today
% Correct
Beat, Feet
96.1%
Friends, Ends
96%
Cruising, Grooving
95%
She, Jealousy
94.5%
Ever, Never
92.6%
Cry, Why
92%
Mess, Yes
91.7%
Blow, Know
90.8%
Hell, Well
89.8%
Rain, Pain
89.5%
% Correct
T-shirt, Skirt
89.4%
Town, Down
88.7%
Amen, Again
87.5%
Known, Alone
87%
Door, Anymore
86.7%
Worst, Thirst
86%
Water, Daughter
85.9%
Gray, Away
80.2%
Black, Back
79.3%
Air, Stairs
76.2%

You're not logged in!

Compare scores with friends on all Sporcle quizzes.
OR
Log In

Sporcle TV

Today on Sporcle TV


Watch our educational content, quiz creation guides, and fun videos on Sporcle TV.

Show Comments

Extras

Top Quizzes Today


Score Distribution

Your Account Isn't Verified!

In order to create a playlist on Sporcle, you need to verify the email address you used during registration. Go to your Sporcle Settings to finish the process.

Report this User

Report this user for behavior that violates our Community Guidelines.

Details: